U.S. States with the Most Ecoregions - Statistics

General Stats
  • This quiz has been taken 19 times
  • The average score is 7 of 9
Answer Stats
Number of Ecoregions State % Correct
10 Oregon
100%
12 Washington
100%
15 Alaska
93%
13 California
93%
8 Idaho
93%
12 Texas
93%
8 New York
60%
7 Oklahoma
53%
7 South Dakota
40%
No matching quizzes found
Score Distribution
Percent of People with Each Score
Percentile by Number Answered
Your Score History
You have not taken this quiz